La actualización del Código de Ética de la Federación de Psicólogos de la República Argentina : (Record no. 189659)

MARC details
000 -CABECERA
campo de control de longitud fija 01955cab a2200301 ab4500
005 - FECHA Y HORA DE LA ÚLTIMA TRANSACCIÓN
campo de control 20231011125440.0
008 - ELEMENTOS DE LONGITUD FIJA--INFORMACIÓN GENERAL
campo de control de longitud fija 991125c2015 ag fr p o 000 0 spa d
035 ## - NÚMERO DE CONTROL DEL SISTEMA
Número de control de sistema UPN01000217559
040 ## - FUENTE DE LA CATALOGACIÓN
Centro catalogador/agencia de origen MX-MxUPN
Lengua de catalogación spa
Centro/agencia transcriptor MX-MxUPN
Normas de descripción aacr2
049 ## - COLECCIÓN
Colección ART-E
100 1# - ASIENTO PRINCIPAL--NOMBRE PERSONAL
Nombre de persona Hermosilla, Ana María
100 1# - ASIENTO PRINCIPAL--NOMBRE PERSONAL
Filiación ahermo@mdp.edu.ar
100 1# - ASIENTO PRINCIPAL--NOMBRE PERSONAL
Nombre de persona Cataldo, Rocío
100 1# - ASIENTO PRINCIPAL--NOMBRE PERSONAL
Nombre de persona Bogetti, Celeste
245 13 - MENCIÓN DE TÍTULO
Título La actualización del Código de Ética de la Federación de Psicólogos de la República Argentina :
Resto del título fundamentos y modificaciones
Medio [recurso electrónico en línea]
506 0# - NOTA DE RESTRICCIONES AL ACCESO
Limitaciones de acceso Acceso abierto
520 3# - NOTA DE RESUMEN, ETC.
Sumario, etc. La deontología de la psicología en Argentina surge a partir de la consolidación institucional y académica de la profesión, proceso que culmina con la sanción de leyes de ejercicio profesional en todo el territorio. En este contexto, los Colegios profesionales de las diferentes provincias fueron sancionando sus Códigos de Ética, y en 1999 surge el Código Nacional de Ética de la Federación de Psicólogos de la República Argentina como un intento de unificar criterios deontológicos. Luego de catorce años, se procedió a su revisión de cara al avance de la ciencia y de la profesión del psicólogo en el país, y en consonancia con las leyes de protección y promoción de derechos, sancionadas en la última década. En el presente trabajo desarrollaremos los fundamentos de esta revisión al mismo tiempo que nos detendremos en los principales cambios introducidos. PP
650 #2 - ASIENTO SECUNDARIO DE MATERIA - TERMINO TEMATICO
9 (RLIN) 6936
Término de materia o nombre geográfico como elemento de entrada Ética profesional
653 0# - TERMINO DE INDIZACION - NO CONTROLADO
Término no controlado Código de ética
653 0# - TERMINO DE INDIZACION - NO CONTROLADO
Término no controlado Psicología
653 0# - TERMINO DE INDIZACION - NO CONTROLADO
Término no controlado Argumentación
653 0# - TERMINO DE INDIZACION - NO CONTROLADO
Término no controlado Argentina
773 ## - ENLACE AL DOCUMENTO FUENTE/ENTRADA DE REGISTRO ANFITRIÓN
Parte(s) relacionada(s) Vol. 12, no. 3 (esp.) (2015), p. 78-85
Título Perspectivas en psicología : revista de psicología y ciencias afines
Número Internacional Normalizado para Publicaciones Seriadas 1853-8800
856 4# - LOCALIZACIÓN Y ACCESO ELECTRÓNICOS
Identificador Uniforme del Recurso <a href="http://200.0.183.216/revista/index.php/pep/article/view/215">http://200.0.183.216/revista/index.php/pep/article/view/215</a>
902 ## - ELEMENTOS DE DATOS B LOCAL, LDB (RLIN)
Modificó Leonor Sotres/111023
905 ## - TIPO DE MATERIAL
Tipo de material Articulo
942 ## - ELEMENTOS DE PUNTO DE ACCESO ADICIONAL (KOHA)
Tipo de ítem Koha Artículo Electrónico
Holdings
Estado de retiro Estado de pérdida Estado dañado No para préstamo Código de colección Localización permanente Ubicación/localización actual Ubicación en estantería Fecha de adquisición Total de préstamos Fecha visto por última vez Identificador Uniforme del Recurso Precio válido a partir de Tipo de ítem Koha
        Acceso abierto Bib. Gregorio Torres Quintero Bib. Gregorio Torres Quintero En línea 11/10/2023   11/10/2023 http://200.0.183.216/revista/index.php/pep/article/view/215 11/10/2023 Artículo Electrónico